Städte der USA A-Z - Statistiken

Allgemein
  • Dieses Quiz wurde 178 mal gespielt
  • Das Durchschnittsergebnis liegt bei 16 aus 25
Antwortstatistiken
Hinweis Antwort % Korrekt
B Hauptstadt von Massachusetts, in der 1773 Demonstranten Tee ins Meer schmissen, um gegen britische Steuern zu protestiern Boston
94%
A Größte Stadt Georgias mit weltweit meistgenutztem Flughafen und Sitz von Coca Cola Atlanta
93%
L Zweitgrößte Stadt der USA in Kalifornien, Zentrum der Unterhaltungsindustrie Los Angeles
92%
M Metropole in Süden von Florida, Schauplatz zahlreicher Serien und Filme (Flipper, Dexter, Scarface etc.) Miami
91%
S Metropole der kalifornischen Bay Area mit bekannten Cable Cars und der Golden Gate Bridge San Francisco
89%
D "Motor City" in Michigan mit Sitz von General Motors, mit dem Motown Label bedeutendes Zentrum des Souls der 60er und 70er Detroit
88%
W Hauptstadt der USA mit Kapitol und Weißem Haus, nach dem ersten Präsident der USA benannt Washington D.C.
88%
K Stadt in Missouri an der Grenze zu einem gleichnamigen Bundesstaat, in der der ebenfalls gleichnamige Fluss in den Missouri mündet. Aktueller Superbowl-Sieger Kansas City
87%
H Größte Stadt des Hawaii-Archipels mit bekanntem Stadtteil Waikiki, Geburtsort von Barack Obama Honolulu
85%
I Größte Stadt in Indiana, in der sich zwei Rennstrecken befinden, von der eine zwischen 2000 und 2007 für die Formel 1 genutzt wurde Indianapolis
85%
P Metropole in Pennsylvania mit Liberty Bell und Independence Hall, Heimat des Cheesesteak Philadelphia
80%
N Stadt in Louisiana an der Mississippimündung, bekannt für seinen Karneval, die kreolische Küche und als Heimat des Jazz New Orleans
78%
J Großstadt im Nordosten Floridas, welche nach einem kontroversen US-Präsidenten benannt wurde, mit Footballteam Jaguars Jacksonville
72%
T Millionenstadt in Florida, Heimat des Footballteams Buccaneers, Zentrum des Death Metals (Death, Morbid Angel, Cynic etc.) Tampa
71%
E Texanische Stadt an der Grenze zu Alt und Neu-Mexiko am Rio Grande gegenüber von Ciudad Juarez El Paso
63%
F Texanische Großstadt bei Dallas, Sitz von American Airlines und Lockheed Martin Fort Worth
55%
G Stadt in Wisconsin am Michigansee, bekannt durch ihr American Football Team Packers Green Bay
54%
R Hauptstadt von Virginia und im amerikanischen Bürgerkrieg Hauptstadt der Südstaaten Richmond
51%
O Stadt in der kalifornischen Bay Area südlich von Berkeley, bis 2019 Heimat der Golden State Warriors und des Footballteams Raiders Oakland
50%
C Nach einem antiken römischen Politiker benannte Metropole in Ohio an der Grenze zu Indiana und Kentucky Cincinnati
42%
Q Stadt in Massachusetts an der Atlantikküste, Heimat der Adams-Präsidenten, heißt wie der Zweitname des zweiten Adams-Präsidenten Quincy
40%
V Stadt an der Chesapeake Bay mit 45 km langem Sandstrand, nach dem Bundesstaat benannt, in der sich die Stadt befindet Virginia Beach
36%
Y Stadt nördlich von New York City mit traditionsreichem Marathon, Heimat von Anthony Blinken und Ella Fitzgerald Yonkers
13%
U Kleinstadt, die durch einen Amoklauf mit Polizeiversagen an einer Grundschule 2022 berühmt wurde, Heimat von Matthew McConaughey Uvalde
9%
Z Vorstadt von #I, Heimat von Mike Pence, nach dem Tempelberg Jerusalems benannt Zionsville
4%
Keine übereinstimmenden Quizze gefunden
Verteilung der Resultate
Anzahl Personen mit jedem Resultat
Perzentil nach korrekt beantworteten Fragen
Ihre Resultats-Entwicklung
Sie haben dieses Quiz noch nicht gespielt